000 01175nam a2200289 i 4500
003 EG-GICUC
005 20260226170912.0
008 260226s1979 ua ||||f |||| 00| 0 ara d
040 _a EG-GICUC
_c EG-GICUC
_d EG-GICUC
_erda
_bara
041 0 _aara
082 0 4 _221
_a341.65
_bج م . ا
092 0 4 _221
099 _aLaw1 11 341.65 ج م . ا 1979
110 _aجمعية الهلال الأحمر للجمهةرية العربية المتحدة
_eمؤلف.
245 1 0 _aإتفاقيات جنيف لحماية ضحايا الحرب الموقة في 12 أغسطس 1949 /
_cجمعية الهلال الأحمر للجمهةرية العربية المتحدة .
264 1 _aمصر :
_bدار الكاتب العربي ،
_c1979 .
300 _a318 صفحة ؛
_c24 سم
336 _2rda content
_atext
337 _2rda media
_aComputer
338 _2rda carrier
_aOnline Resource
546 _aالنص باللغة العربية
650 0 4 _aالقانون الدولي العام
650 0 4 _aلجرحى -- علاج -- قانون دولي
856 4 0 _uhttps://fll.law.cu.edu.eg/fulltext/bks/B11-07663.pdf
905 _a59
942 _2ddc
_cBK
_e21
_n0
999 _c64268
_d64268